Thermal and moisture protection manual : (Record no. 1946)

MARC details
000 -LEADER
fixed length control field 00995nac a22002291u 4500
008 - FIXED-LENGTH DATA ELEMENTS--GENERAL INFORMATION
fixed length control field 090625t1999 ny |||||r|||| 001 0 eng d
010 ## - LIBRARY OF CONGRESS CONTROL NUMBER
LC control number 98016859
020 ## - INTERNATIONAL STANDARD BOOK NUMBER
International Standard Book Number 0070051550 (acid-free paper)
020 ## - INTERNATIONAL STANDARD BOOK NUMBER
International Standard Book Number 9780070051553
082 00 - DEWEY DECIMAL CLASSIFICATION NUMBER
Classification number 693.892
Item number BEA
Edition number 22
100 ## - MAIN ENTRY--PERSONAL NAME
Personal name Beall, Christine.
9 (RLIN) 6995
245 10 - TITLE STATEMENT
Title Thermal and moisture protection manual :
Remainder of title for architects, engineers, and contractors /
Statement of responsibility, etc Christine Beall.
260 ## - PUBLICATION, DISTRIBUTION, ETC. (IMPRINT)
Place of publication, distribution, etc New York :
Name of publisher, distributor, etc McGraw-Hill,
Date of publication, distribution, etc c1999.
300 ## - PHYSICAL DESCRIPTION
Extent xiii, 503 p. :
Other physical details ill. ;
Dimensions 25 cm.
504 ## - BIBLIOGRAPHY, ETC. NOTE
Bibliography, etc Includes bibliographical references (p. 497-500) and index.
650 #0 - SUBJECT ADDED ENTRY--TOPICAL TERM
Topical term or geographic name as entry element Waterproofing.
9 (RLIN) 6996
650 #0 - SUBJECT ADDED ENTRY--TOPICAL TERM
Topical term or geographic name as entry element Insulation (Heat)
9 (RLIN) 6997
856 42 - ELECTRONIC LOCATION AND ACCESS
Materials specified Publisher description
Uniform Resource Identifier <a href="http://www.loc.gov/catdir/description/mh023/98016859.html">http://www.loc.gov/catdir/description/mh023/98016859.html</a>
856 42 - ELECTRONIC LOCATION AND ACCESS
Materials specified Table of contents
Uniform Resource Identifier <a href="http://www.loc.gov/catdir/toc/mh022/98016859.html">http://www.loc.gov/catdir/toc/mh022/98016859.html</a>
856 42 - ELECTRONIC LOCATION AND ACCESS
Materials specified Contributor biographical information
Uniform Resource Identifier <a href="http://www.loc.gov/catdir/enhancements/fy0705/98016859-b.html">http://www.loc.gov/catdir/enhancements/fy0705/98016859-b.html</a>
942 ## - ADDED ENTRY ELEMENTS (KOHA)
Item type Book - Borrowing
Call number prefix 693.892BEA
Source of classification or shelving scheme Dewey Decimal Classification
Holdings
Withdrawn status Item status Source of classification or shelving scheme Damaged status Not for loan Vendor Home library Current library Shelving location Date acquired Source of acquisition Total Checkouts Total Renewals Full call number Barcode Date last seen Date last borrowed Cost, replacement price Koha item type Cost, normal purchase price
    Dewey Decimal Classification       Central Library Central Library First floor 05/02/2007   1 2 693.892 BEA 000002413 15/07/2025 29/11/2014 185.80 Book - Borrowing  
    Dewey Decimal Classification     Alef-Baa Central Library Central Library First floor 25/06/2009   1 1 693.892 BEA 000017101 15/07/2025 27/11/2014   Book - Borrowing 150.00